Nghề nuôi gia cầm

Đã lưu trong:
Sonraí Bibleagrafaíochta
Príomhúdar: Trịnh, Quang Khuê
Formáid: Leabhar
Teanga:Undetermined
Foilsithe: Hà nội Giáo dục 2003
Ábhair:
Clibeanna: Cuir Clib Leis
Gan Chlibeanna, Bí ar an gcéad duine leis an taifead seo a chlibeáil!
Thư viện lưu trữ: Trung tâm Học liệu Trường Đại học Cần Thơ
LEADER 00540nam a2200205Ia 4500
001 CTU_87273
008 210402s9999 xx 000 0 und d
020 |c 14000 
082 |a 636.5 
082 |b Kh507 
100 |a Trịnh, Quang Khuê 
245 0 |a Nghề nuôi gia cầm 
245 0 |c Trịnh Quang Khuê 
260 |a Hà nội 
260 |b Giáo dục 
260 |c 2003 
650 |a poultry,veterinary medicine 
650 |x breeding 
904 |i Trúc 
980 |a Trung tâm Học liệu Trường Đại học Cần Thơ